Text Book of Pharmaceutics-1 (Record no. 8880)

MARC details
000 -LEADER
fixed length control field 00380nam a22001457a 4500
003 - CONTROL NUMBER IDENTIFIER
control field OSt
008 - FIXED-LENGTH DATA ELEMENTS--GENERAL INFORMATION
fixed length control field 200713b ||||| |||| 00| 0 eng d
100 ## - MAIN ENTRY--PERSONAL NAME
Personal name Narang , Jasjeet Kaur
245 ## - TITLE STATEMENT
Title Text Book of Pharmaceutics-1
250 ## - EDITION STATEMENT
Edition statement 1st 2019
260 ## - PUBLICATION, DISTRIBUTION, ETC. (IMPRINT)
Place of publication, distribution, etc New Delhi
Name of publisher, distributor, etc Paging Pub.
300 ## - PHYSICAL DESCRIPTION
Extent 333
650 ## - SUBJECT ADDED ENTRY--TOPICAL TERM
Topical term or geographic name as entry element Pharmaceutics (Dispensing and General Pharmacy
942 ## - ADDED ENTRY ELEMENTS (KOHA)
Source of classification or shelving scheme Dewey Decimal Classification
Koha item type Text Books
942 ## - ADDED ENTRY ELEMENTS (KOHA)
-- 33
Holdings
Withdrawn status Lost status Source of classification or shelving scheme Damaged status Not for loan Collection code Home library Current library Date acquired Source of acquisition Currency Cost, normal purchase price Bill Number Total Checkouts Full call number Acc. no. / Barcode Date last seen Date last borrowed Actual Cost, discounted price Bill Date Koha item type
    Dewey Decimal Classification     B.Pharma PIET C-LIBRARY PIET C-LIBRARY 13/02/2020 Kirti Prakashan Rupees 525.00 IN6397 6 615.19 NAT BP1403 20/03/2025 19/03/2025 367.50 13/02/2020 Text Books
    Dewey Decimal Classification     B.Pharma PIET C-LIBRARY PIET C-LIBRARY 13/02/2020 Kirti Prakashan Rupees 525.00 IN6397 8 615.19 NAT BP1404 26/05/2022 27/04/2022 367.50 13/02/2020 Text Books
    Dewey Decimal Classification     B.Pharma PIET C-LIBRARY PIET C-LIBRARY 13/02/2020 Kirti Prakashan Rupees 525.00 IN6397 8 615.19 NAT BP1405 10/03/2023 01/02/2023 367.50 13/02/2020 Text Books
    Dewey Decimal Classification     B.Pharma PIET C-LIBRARY PIET C-LIBRARY 13/02/2020 Kirti Prakashan Rupees 525.00 IN6397 9 615.19 NAT BP1406 14/03/2023 27/02/2023 367.50 13/02/2020 Text Books
    Dewey Decimal Classification     B.Pharma PIET C-LIBRARY PIET C-LIBRARY 13/02/2020 Kirti Prakashan Rupees 525.00 IN6397 7 615.19 NAT BP1407 28/06/2023 09/06/2023 367.50 13/02/2020 Text Books

Design & Developed by: PIET Central Library
R70 Miles Stone Pattikalyana Samalkha Panipat 132102
mail ID :- [email protected], Phone No:- 0180-2569700 Ex.216